<?xml version="1.0" encoding="UTF-8"?><?xml-stylesheet type="text/xsl" href="static/style.xsl"?><OAI-PMH xmlns="http://www.openarchives.org/OAI/2.0/" xmlns:xsi="http://www.w3.org/2001/XMLSchema-instance" xsi:schemaLocation="http://www.openarchives.org/OAI/2.0/ http://www.openarchives.org/OAI/2.0/OAI-PMH.xsd"><responseDate>2026-04-14T02:16:57Z</responseDate><request verb="GetRecord" identifier="oai:www.recercat.cat:20.500.12328/5184" metadataPrefix="marc">https://recercat.cat/oai/request</request><GetRecord><record><header><identifier>oai:recercat.cat:20.500.12328/5184</identifier><datestamp>2026-01-24T15:14:00Z</datestamp><setSpec>com_2072_67741</setSpec><setSpec>col_2072_484352</setSpec></header><metadata><record xmlns="http://www.loc.gov/MARC21/slim" xmlns:dcterms="http://purl.org/dc/terms/" xmlns:xsi="http://www.w3.org/2001/XMLSchema-instance" xmlns:doc="http://www.lyncode.com/xoai" xsi:schemaLocation="http://www.loc.gov/MARC21/slim http://www.loc.gov/standards/marcxml/schema/MARC21slim.xsd">
   <leader>00925njm 22002777a 4500</leader>
   <datafield ind2=" " ind1=" " tag="042">
      <subfield code="a">dc</subfield>
   </datafield>
   <datafield ind2=" " ind1=" " tag="720">
      <subfield code="a">Recoder, Silvia</subfield>
      <subfield code="e">author</subfield>
   </datafield>
   <datafield ind2=" " ind1=" " tag="720">
      <subfield code="a">Gámiz, María</subfield>
      <subfield code="e">author</subfield>
   </datafield>
   <datafield ind2=" " ind1=" " tag="720">
      <subfield code="a">Worthington, Everett</subfield>
      <subfield code="e">author</subfield>
   </datafield>
   <datafield ind2=" " ind1=" " tag="720">
      <subfield code="a">Fernandez Capo, Maria</subfield>
      <subfield code="e">author</subfield>
   </datafield>
   <datafield ind2=" " ind1=" " tag="260">
      <subfield code="c">2021-08</subfield>
   </datafield>
   <datafield ind2=" " ind1=" " tag="520">
      <subfield code="a">More than twenty different models of how forgiveness occurs have been proposed within forgiveness literature. One idea highlighted in many of these models was that forgiveness entails, at some point, a decision to forgive the offender. The Decision to Forgive Scale (DTFS) is a 5-item measure that allows the assessment of this construct. The aim of this study is to translate and validate the DTFS into Spanish (DTFS-S) and to provide evidence of measurement invariance across Spanish and American samples. The scale was translated using the back-translation process. A total of N = 571 participants completed the final version of the DTFS-S. Confirmatory factor analyses were computed to assess dimensionality, test for measurement invariance across populations, and provide evidence differentiating decisional forgiveness from total forgiveness. Reliability and additional validity analyses were performed. Results indicated a unidimensional structure of the scale. Partial metric invariance was achieved between Spanish and American samples. A 4-factor model demonstrated that DTFS-S is different from the Transgression-Related Inventory of Motivations (TRIM)-18-S (i.e., Spanish version) subscales. The results obtained suggested that scores on the Spanish version of the Decision To Forgive Scale are reliable and correlate with theoretically consistent variables. Researchers should consider the differences between cultures when assessing decisional forgiveness.</subfield>
   </datafield>
   <datafield ind1="8" ind2=" " tag="024">
      <subfield code="a">Recoder, S.; Gámiz, M.; Worthington, E. [et. al]. Decisional forgiveness across spanish and american samples: Translation, validation, and measurement invariance of the decision to forgive scale. Current Psychology, 2021, 40, pp. 4125–4135. Disponible en: &lt;https://link.springer.com/article/10.1007/s12144-019-00368-w>. Fecha de acceso: 23 Ene 2026. DOI: 10.1007/s12144-019-00368-w</subfield>
   </datafield>
   <datafield ind1="8" ind2=" " tag="024">
      <subfield code="a">1046-1310</subfield>
   </datafield>
   <datafield ind1="8" ind2=" " tag="024">
      <subfield code="a">http://hdl.handle.net/20.500.12328/5184</subfield>
   </datafield>
   <datafield ind1="8" ind2=" " tag="024">
      <subfield code="a">https://dx.doi.org/10.1007/s12144-019-00368-w</subfield>
   </datafield>
   <datafield tag="653" ind2=" " ind1=" ">
      <subfield code="a">Decisional forgiveness</subfield>
   </datafield>
   <datafield tag="653" ind2=" " ind1=" ">
      <subfield code="a">Assessment</subfield>
   </datafield>
   <datafield tag="653" ind2=" " ind1=" ">
      <subfield code="a">Psychometrics</subfield>
   </datafield>
   <datafield tag="653" ind2=" " ind1=" ">
      <subfield code="a">Measurement invariance</subfield>
   </datafield>
   <datafield tag="653" ind2=" " ind1=" ">
      <subfield code="a">Perdón decisorio</subfield>
   </datafield>
   <datafield tag="653" ind2=" " ind1=" ">
      <subfield code="a">Evaluación</subfield>
   </datafield>
   <datafield tag="653" ind2=" " ind1=" ">
      <subfield code="a">Psicometría</subfield>
   </datafield>
   <datafield tag="653" ind2=" " ind1=" ">
      <subfield code="a">Invariancia de la medición</subfield>
   </datafield>
   <datafield tag="653" ind2=" " ind1=" ">
      <subfield code="a">Perdó decisional</subfield>
   </datafield>
   <datafield tag="653" ind2=" " ind1=" ">
      <subfield code="a">Avaluació</subfield>
   </datafield>
   <datafield tag="653" ind2=" " ind1=" ">
      <subfield code="a">Psicometria</subfield>
   </datafield>
   <datafield tag="653" ind2=" " ind1=" ">
      <subfield code="a">Invariància de la mesura</subfield>
   </datafield>
   <datafield ind2="0" ind1="0" tag="245">
      <subfield code="a">Decisional forgiveness across spanish and american samples: Translation, validation, and measurement invariance of the decision to forgive scale</subfield>
   </datafield>
</record></metadata></record></GetRecord></OAI-PMH>